Statistics for The last 10 years of nba all star starters quiz

Click here to take the quiz!

General Stats

  • This quiz has been taken 56 times
  • The average score is 87 of 100

Answer Stats

TeamPlayer% Correct
CLE | LAL | MIAJames
100%
GSW | OKCDurant
98%
GSWCurry
96%
OKCWestbrook
96%
LALBryant
94%
IND | OKCGeorge
94%
HOUHarden
94%
DENJokic
92%
LAC | SAS | TORLeonard
92%
LACPaul
90%
MIAWade
90%
NYKAnthony
88%
LAL | NOPDavis
88%
PHIEmbiid
88%
LACGriffin
88%
BOS | BRK | CLEIrving
88%
BOSTatum
85%
DALDoncic
83%
MIABosh
81%
MEMMorant
81%
GSWThompson
81%
GSWWiggins
81%
ATLYoung
81%
WASBeal
79%
CHI | TORDerozan
79%
CHI | MEMGasol
79%
MILAntetokounmpo
75%
BOSGarnett
73%
WASWall
73%
NOPWilliamson
73%
CHIButler
71%
TORSiakam
71%
TORLowry
69%
BOS | CHOWalker
69%
MINLove
67%
PORAldridge
50%
LALHoward
50%

Score Distribution

Percentile by Number Answered

Percent of People with Each Score

Your Score History

You have not taken this quiz